| 000 | 00939cam a22002777a 4500 | ||
|---|---|---|---|
| 003 | CHAP | ||
| 005 | 20220329135051.0 | ||
| 008 | 971013s r 00010 d | ||
| 010 | _a30381 | ||
| 011 | _a31353 | ||
| 035 | _a35465 | ||
| 040 | _cCHAP | ||
| 090 | _aR-2525 | ||
| 100 | 0 | 0 |
_aMankin, Carole J. _970495 |
| 245 | 1 | 3 | _aAn anlysis of the differences between density of use ranking and raw-use ranking of Library journal use |
| 500 | _aSobretiro de: Journal of the American Society for Information Science 32: 224-228, 1981 | ||
| 590 |
_aBATCH-UPD _b10 _c20130110 _lUCH01 _h0239 |
||
| 590 |
_aBATCH-UPD _b10 _c20130110 _lUCH01 _h1808 |
||
| 590 |
_aBATCH-UPD _b10 _c20130409 _lUCH01 _h2305 |
||
| 590 |
_aBATCH-UPD _b10 _c20130914 _lUCH01 _h1744 |
||
| 590 |
_aCONVERSION _b10 _c20130109 _lUCH01 _h1317 |
||
| 650 | 1 | 4 |
_aPublicaciones periódicas. _992714 |
| 901 | _aBK | ||
| 942 | _cREIMP | ||
| 949 |
_aR-2525 _bBC _cR _d-81977 _eTS1 _i35465 _si |
||
| 999 |
_c30381 _d30381 |
||